000 00917nmm a2200289 a 4500
001 ocm0001732356
003 TR-IsHL
005 20201028170446.0
008 170528s2017 tu tur
007 cr cn
020 _a9786059272742
035 _a1732356
_b(N$T)
050 0 4 _aPL248.A48
_bH39 2017
090 0 4 _aPL248.A48
_bH39 2017
100 1 _aAltıntaş, Fatih
245 1 0 _aHayatın ritmi aşk
_h[electronic resource] /
_cFatih Altıntaş ; editör M. Endülüs Özbay
250 _a1. Baskı
260 _aİstanbul :
_bAZ Kitap,
_c2017
300 _a192 p.
650 4 _aDil ve Edebiyat
650 4 _aLanguage and Literature
650 0 _aTürk romanı
650 0 _aTurkish fiction
650 7 _aLITERARY COLLECTIONS / Middle Eastern
_2bisacsh
700 1 _aÖzbay, M. Endülüs
856 4 0 _uhttp://search.ebscohost.com/login.aspx?direct=true&scope=site&db=e011xww&AN=1732356
999 _c16278
_d16278